00343nam a2200145Ia 4500008004100000041000800041082001700049100001800066245003300084250000800117260003400125300000800159542001500167650001500182220531s9999 xx 000 0 und d aeng a-bPAN / NAW aNawale, A. M. aPanorama of World Literature a1ST aNew DelhibAuthorspressc2012 a286 d31-05-2018 aLiterature